000 00709nam a2200229 i 4500
001 124150
005 20230410143149.0
008 170123b ilua 000 0 eng
020 _a9788490663479
020 _a8490663475
041 0 _aspa
050 1 4 _abM237b 2016
082 _a821.131.
100 1 _aMalaparte, Curzio
_d1898-1957
245 0 0 _aBaile en el Kremlin /
_by otras historias
_cCurzio Malaparte ; traducción de Juan Manuel Salmerón Arjona
260 _aBarcelona :
_bTusquets,
_c2016.
300 _a425 p. ;
_c21 cm
440 0 _aColección Andanzas,
_v894
534 _aTítulo origina l: Il ballo al Cremlino
700 1 _aSalmerón, Juan Manuel
_d1971-
_etraductor
942 _2lcc
_cbk
999 _c96888
_d96888